000 00418nam a2200193Ia 4500
005 20240823050007.0
008 240823s9999||||xx |||||||||||||| ||und||
020 _a0-07-058797-3
041 _aENGLISH
082 _A420
100 _aSuurabh Jain
245 0 _aObjective English
250 _a1st
260 _bVidya Prakashan M
500 _aYES
650 _aENG
_bEnglish
942 _cBK
999 _c216240
_d216240